|
|
|
|
| LEADER |
00000nab a2200000 a 4500 |
| 001 |
vtls010275178 |
| 003 |
SK-MaSNL |
| 005 |
20260303231054.0 |
| 008 |
110502 2011 xo e 000 0 slo |
| 038 |
|
|
|a PPPK
|
| 040 |
|
|
|a PPPKCL
|b slo
|c PPPK
|e AACR2
|
| 041 |
0 |
|
|a slo
|
| 044 |
|
|
|a xo
|c SK
|
| 080 |
|
|
|a 373/378:7
|2 2001
|
| 080 |
|
|
|a 72/76.05-053.2
|2 2001
|
| 080 |
|
|
|a 72/76.092
|2 2001
|
| 245 |
0 |
0 |
|a Malí výtvarníci sa na súťažiach nestratili
|c [text a foto] (ija)
|
| 300 |
|
|
|b Fotogr.
|
| 610 |
2 |
7 |
|a Základná umelecká škola (Tatranská Lomnica, Slovensko)
|2 pppkcl
|9 1063070
|
| 650 |
0 |
7 |
|a základné umelecké školy
|2 pppkcl
|9 29368
|
| 650 |
0 |
7 |
|a výtvarné práce detí a mládeže
|2 pppkcl
|9 68655
|
| 650 |
0 |
7 |
|a výtvarné súťaže
|2 pppkcl
|9 2910
|
| 650 |
0 |
7 |
|a umelecké školy
|2 pppkcl
|9 29319
|
| 650 |
0 |
7 |
|a školstvo
|2 pppkcl
|9 19712
|
| 651 |
|
7 |
|a Tatranská Lomnica (Vysoké Tatry, Slovensko)
|2 SNKPHgeo
|9 160914
|
| 773 |
0 |
|
|t Tatranský dvojtýždenník
|g Roč. XXII, č. 7 (2011), s. 6-7
|
| 852 |
|
|
|a PPPK
|b KIS3GCP
|
| 999 |
|
|
|c 2265052
|d 2266982
|